| 000 | 00441nam a2200157Ia 4500 | ||
|---|---|---|---|
| 008 | 230718s9999 xx 000 0 und d | ||
| 041 | _aeng | ||
| 082 |
_a621.43 _bPUN |
||
| 100 | _aPundir B.P. | ||
| 245 |
_aEngine Emissions _bPollutant Formation And Advances In Control Technology |
||
| 260 | _bNarosa Publishing House | ||
| 300 | _a301 | ||
| 365 |
_cRs. _b295.00 |
||
| 700 | _aPundir B.P. | ||
| 906 |
_dB:108090048618-Aug-2008 _cMECH _b59 |
||
| 999 |
_c319570 _d319570 |
||